000
00271nam a22001217a 4500
999
_c
172553
_d
172553
082
_a
_b
100
_a
Chadpa D K
245
_a
Dimensions of teacher education/
_c
by Chadpa D K.
260
_a
New Delhi:
_b
Anmol,
_c
1991.
300
_a
123p.
650
_a
942
_c
BK